Controversia la revista : (Record no. 22222)

000 -CABECERA
fixed length control field 00885nam a22002057a 4500
003 - IDENTIFICADOR DEL NÚMERO DE CONTROL
control field AR-CdUCM
008 - DATOS DE LONGITUD FIJA--INFORMACIÓN GENERAL
fixed length control field 190425b ||||| |||| 00| 0 spa d
040 ## - FUENTE DE LA CATALOGACIÓN
Agencia/entidad que catalogó originalmente la obra MUNICIPALIDAD PROVINCIAL DEL CUSCO
Entidad que transcribió la catalogación BIBLIOTECA MUNICIPAL DEL CUSCO
082 ## - NÚMERO DE LA CLASIFICACIÓN DECIMAL DEWEY
No. de Clasificación Controversia/N°4/2007
245 ## - MENCIÓN DE TÍTULO
Título Controversia la revista :
Resto del título Investigación análisis opinión /
Mención de responsabilidad Enrique Aguirre Castro, Director
260 ## - PUBLICACIÓN, DISTRIBUCIÓN, ETC.
Lugar de publicación, distribución, etc. Cusco.
Nombre de la editorial, distribuidor, etc. Cagibes,
Fecha de publicación, distribución, etc. 2007.
300 ## - DESCRIPCIÓN FÍSICA
Nº de Páginas Extensión 34 páginas. :
Otros detalles físicos ilustraciones ;
Dimensiones 28 cm.
440 ## - MENCIÓN DE SERIE/PUNTO DE ACCESO ADICIONAL--TÍTULO
Título Controversia.
Número de la parte/sección de una obra Año I, Edición 04, diciembre 2007.
9 (RLIN) 47675
505 ## - NOTA DE CONTENIDO CON FORMATO
Nota de contenido formateada Contenido: Camisea desastres medioambientales sin sanción. -- Revocatoria pasos a seguir. -- Peligro de desastre sismico en Cusco. -- Gas en el Cusco y ahora que. ...
650 ## - PUNTO DE ACCESO ADICIONAL DE MATERIA--TÉRMINO DE MATERIA
Descriptor Sociedad cusqueña
9 (RLIN) 47493
650 ## - PUNTO DE ACCESO ADICIONAL DE MATERIA--TÉRMINO DE MATERIA
Descriptor Minería
9 (RLIN) 430
700 ## - PUNTO DE ACCESO ADICIONAL--NOMBRE DE PERSONA
Nombre Personal Fiascunari Bedregal, Fredy
9 (RLIN) 47674
942 ## - ELEMENTOS DE PUNTO DE ACCESO ADICIONAL (KOHA)
Fuente de clasificación
Tipo de item Revistas cusqueñas
945 ## - PROCESAMIENTO DE INFORMACIÓN LOCAL (OCLC)
Catalogador rac
Holdings
Estado de retiro (separado) Fuente de clasificación o esquema de estanterías Estado dañado Ubicación Sala donde se ubica Nombre de la colección Fecha de adquisición o compra Signatura topográfica Código de Barras Última vez visto (Koha) Tipo de ítem (Koha)
No     Sala Hemeroteca Sala Hemeroteca Book Cart 2022-03-28 Controversia/N°4/2007 REVC000903 2022-03-28 Revistas cusqueñas

Powered by Koha